| 000 | 00319nam a22001097a 4500 | ||
|---|---|---|---|
| 008 | 170718b xxu||||| |||| 00| 0 eng d | ||
| 050 | _aUN/2012/105/MIS/17 | ||
| 245 | _aComprehensive food security and Vulnerability analysis. / | ||
| 260 |
_aGhana: _bWold food programme; _c2012. |
||
| 300 |
_a11, _c24cm. |
||
| 942 |
_2lcc _cBK |
||
| 999 |
_c6417 _d13917 |
||